000 00434nam a2200169Ia 4500
005 20250508151512.0
008 008 250505s9999 xx 000 0 eng d
037 _aTextual
040 _aFEDL
_beng
_cFEDL
041 _aeng
_2eng
084 _a420, STO
_qFEDL
100 _aStoddard Alexander J
_9759295
245 0 _aEnglish first course
300 _a530p.
942 _cTEXL
_h420, STO
999 _c1330235
_d1330235